Nourriture - Devine le nom de cette pâtisserie. - Statistiques

Statistiques générales
  • Ce quiz a été pris 4 954 fois
  • Le résultat moyen est 10 sur 16
Statistiques - réponses
Par images Réponse % Correct
Eclair
99%
Macaron
99%
Mille-feuille
94%
Paris Brest
83%
Fôret noire
77%
Religieuse
73%
Baba au rhum
69%
Financier
64%
Tarte tatin
64%
Charlotte aux fraises
52%
Les profiteroles
47%
Gland
38%
Saint Honoré
33%
Far breton
30%
Kouign-amann
23%
Tarte tropézienne
21%
Aucun quiz correspondant
Distribution des résultats
% des personnes avec chaque résultat
Percentile par nombre de réponses
Votre historique - résultats
Vous n’avez pas pris ce quiz